• 首页
  • 本馆介绍
  • 公告通知
  • 最新文献
  • 馆藏检索
  • 电子资源
  • 读者导购
  • 参考咨询
  • 我的图书馆
  • 登录
  • 详细信息显示
  • 放入我的书架
  • 预约/预借图书
  • 作者相关作品
  • 分类相关作品
  • 丛书相关作品
  • 出版社相关作品

书目信息

  • 表格格式
  • 工作单格式
  • 卡片格式
题名:
有效学生评估70式
    
 
作者: 胡纬 著
分册:  
出版信息: 成都   四川教育出版社  2021.06
页数: 150页
开本: 22cm
丛书名: 阳光教室系列
单 册:
中图分类: G424.7 , G632.474
科图分类:
主题词: 学业评定--研究--xue ye ping ding , 考试--辅导--研究--kao shi fang fa , 中小学生--zhong xiao xue sheng--考试--心理辅导--基本知识
电子资源:
ISBN: 978-7-5408-6328-9
000 00889nam 2200289 450
001 012001001454
005 20141202150050.0
010    @a978-7-5408-6328-9@dCNY30.00
099    @aCAL 012015017047
100    @a20220905d2014 em y0chiy50 ea
101 0  @achi
102    @aCN@b510000
105    @aa z 000yy
106    @ar
200 1  @a有效学生评估70式@Ayou xiao xue sheng ping gu 70 shi@f胡纬著
210    @a成都@c四川教育出版社@d2021.06
215    @a150页@c图@d22cm
225 2  @a阳光教室系列@Ayang guang jiao shi xi lie
410  0 @12001@a阳光教室系列
606 0  @a学业评定@x研究@Axue ye ping ding
606 0  @a考试@x辅导@x研究@Akao shi fang fa
606 0  @a中小学生@Azhong xiao xue sheng@x考试@x心理辅导@x基本知识
690    @aG424.7@v5
690    @aG632.474@v5
701  0 @a胡纬@Ahu wei@4著
801  0 @aCN@bAHXH@c20221111
905    @b1363276-80@dG424.7@e523@f5
    
    有效学生评估70式/胡纬著.-成都:四川教育出版社,2021.06
    150页:图;22cm.-(阳光教室系列)
    
    
    ISBN 978-7-5408-6328-9:CNY30.00
    
●
相关链接 在E读中查询图书 在五车中查询图书 在当当中查询图书 在豆瓣中查询图书


正题名:有效学生评估70式     索取号:G424.7/523         预约/预借

序号 登录号 条形码 馆藏地/架位号 状态 备注
1 1363276   213632764   第一样本阅览室/ [索取号:G424.7/523] 在馆    
2 1363277   213632773   教育系资料室/ [索取号:G424.7/523] 在馆    
3 1363278   213632782   教育系资料室/ [索取号:G424.7/523] 在馆    
4 1363279   213632791   第四借阅区/ [索取号:G424.7/523] 在馆    
5 1363280   213632808   第四借阅区/ [索取号:G424.7/523] 在馆    
唐山师范学院图书馆 欢迎您!
大连网信软件有限公司© 版权所有